Maisie Peters - Worst of You - Statistics

General Stats
  • This quiz has been taken 71 times
  • The average score is 325 of 366
Answer Stats
Answer % Correct
a
100%
any
100%
give
100%
Give
100%
I
100%
I'll
100%
me
100%
me,
100%
of
100%
the
100%
to
100%
worst
100%
You
100%
you
100%
you,
100%
your
100%
again
97%
All
97%
all
97%
anyway
97%
Anyway
97%
away
97%
Away
97%
'Cause
97%
do
97%
don't
97%
it
97%
just
97%
kiss
97%
lips,
97%
over
97%
So
97%
taste
97%
them
97%
walk
97%
and
94%
every
94%
excuses,
94%
excuses
94%
Go
94%
let
94%
reason
94%
stay
94%
take
94%
friends
92%
party
92%
talk
92%
want
92%
when
92%
know
89%
what
89%
be
86%
down,
86%
it's
86%
on
86%
her,
83%
I'd
83%
in
83%
love
83%
Oh,
83%
oh
83%
But
81%
but
81%
is
81%
there
81%
got
78%
hand,
78%
I'm
78%
palm
78%
right
78%
see
78%
Why
78%
if
75%
rather
72%
that
72%
didn't
69%
different
69%
listened
69%
mind
69%
sound
69%
than
69%
voice
69%
We
69%
band,
67%
band
67%
drown,
67%
good
67%
guy
67%
swear
67%
hit
64%
lies
64%
My
64%
my
64%
promise
64%
role-play
64%
used
64%
white
64%
with
64%
make
61%
sea
61%
up,
61%
juice
56%
keep
56%
Lemon
56%
letting
56%
call
53%
fistfight
53%
hook
53%
left
53%
no-show
53%
We'll
53%
art
50%
baby,
50%
bed
50%
guess
50%
iPhones
50%
sunrise
50%
through
50%
truth
50%
some
47%
Another
44%
another
44%
foolish,
44%
'em
42%
heart
42%
night,
39%
sign
39%
dotted
36%
line
36%
hits
31%
No matching quizzes found
Score Distribution
Percent of People with Each Score
Percentile by Number Answered
Your Score History
You have not taken this quiz